000
00243nam a22000857a 4500
008
161128b xxu||||| |||| 00| 0 eng d
100
_9
1491
_a
Young Learners
245
_a
Fovourite moral Stories
260
_a
New Delhi
_b
Young Learners Pulication
_c
2011
999
_c
4216
_d
4216